[Event "Wijk aan Zee II"]
[Site "?"]
[Date "1983.??.??"]
[Round "5"]
[White "Votruba, Pavel"]
[Black "Van Wijgerden, Cor"]
[Result "1/2-1/2"]
[WhiteElo "2330"]
[BlackElo "2440"]
[PlyCount "171"]
[EventDate "1983.??.??"]

1. Nf3 d5 2. d4 c6 3. e3 Bf5 4. c4 e6 5. Nc3 Nf6 6. Bd3 Bxd3 7. Qxd3 Nbd7 8.
O-O Be7 9. e4 dxe4 10. Nxe4 Nxe4 11. Qxe4 O-O 12. Bf4 Qb6 13. Qe2 Bf6 14. Bd6
Rfe8 15. Ne5 Qd8 16. Rad1 Nb6 17. Bb4 a5 18. Bc5 Nc8 19. Qh5 Qc7 20. Rd3 b6 21.
Ba3 c5 22. Re1 Nd6 23. b3 Rad8 24. dxc5 bxc5 25. Rh3 h6 26. Nd3 Nf5 27. Bc1 Rd4
28. Qe2 Rd7 29. Bf4 Qc6 30. Ne5 Bxe5 31. Bxe5 Red8 32. Bc3 a4 33. Qe5 axb3 34.
axb3 Rd1 35. Rf3 Qd6 36. Qxd6 Rxe1+ 37. Bxe1 Rxd6 38. Kf1 Rd1 39. Ke2 Rb1 40.
Bc3 Rxb3 41. Rd3 Nd6 42. Rg3 f6 43. Be5 Rxg3 44. Bxg3 e5 45. Kd3 Kf7 46. f3 Nf5
47. Bf2 Nd4 48. Ke4 Ke6 49. Be3 f5+ 50. Kd3 Kd6 51. Bd2 h5 52. h4 f4 53. Be1
Ke6 54. Ke4 Nf5 55. Bf2 g6 56. Kd3 Nd4 57. Ke4 Nf5 58. Kd3 Kd6 59. Ke4 Ng3+ 60.
Kd3 Kc6 61. Be1 Nf5 62. Bf2 Nd6 63. Be1 Ne8 64. Ke4 Kd6 65. Kd3 Nf6 66. Bf2 Nd7
67. Ke4 Ke6 68. Bg1 Nb6 69. Kd3 Na4 70. Kc2 Kd6 71. Kd3 Kd7 72. Kc2 Kc6 73. Kd3
Kd6 74. Kc2 Nb6 75. Kd3 Nd7 76. Bf2 Nf6 77. Bg1 e4+ 78. fxe4 Ng4 79. e5+ Nxe5+
80. Ke4 f3 81. gxf3 Nxc4 82. Kf4 Nd2 83. Bxc5+ Kxc5 84. Kg5 Nxf3+ 85. Kxg6
Nxh4+ 86. Kxh5 1/2-1/2

[Event "Wijk aan Zee II"]
[Site "?"]
[Date "1983.??.??"]
[Round "6"]
[White "Bohm, Hans"]
[Black "Van Wijgerden, Cor"]
[Result "1/2-1/2"]
[WhiteElo "2380"]
[BlackElo "2440"]
[PlyCount "40"]
[EventDate "1983.??.??"]

1. e4 g6 2. d4 Bg7 3. Nc3 d6 4. Nge2 Nf6 5. g3 O-O 6. Bg2 Nbd7 7. h3 c5 8. Be3
Qc7 9. O-O a6 10. Qd2 Rb8 11. Nf4 e6 12. Rad1 b5 13. a3 Bb7 14. d5 e5 15. Nfe2
Nb6 16. b3 b4 17. Nb1 a5 18. c3 bxa3 19. Nxa3 Ba6 20. Rb1 Rb7 1/2-1/2

[Event "Wijk aan Zee II"]
[Site "?"]
[Date "1983.??.??"]
[Round "6"]
[White "Franco, Zenon"]
[Black "Ligterink, Gert"]
[Result "1/2-1/2"]
[WhiteElo "2500"]
[BlackElo "2440"]
[PlyCount "50"]
[EventDate "1983.??.??"]

1. Nf3 Nf6 2. c4 e6 3. d4 b6 4. Nc3 Bb7 5. Bf4 Bb4 6. Qb3 c5 7. e3 O-O 8. Bd3
d5 9. a3 Bxc3+ 10. bxc3 dxc4 11. Bxc4 Nc6 12. Be2 cxd4 13. cxd4 Na5 14. Qb2 Qd5
15. O-O Rac8 16. Rfc1 Qb3 17. Qxb3 Nxb3 18. Rxc8 Rxc8 19. Rb1 Ne4 20. h3 Nc1
21. Bf1 Bd5 22. Rb2 Rc3 23. a4 Nb3 24. Kh2 Na5 25. Bb5 Rc8 1/2-1/2

[Event "Wijk aan Zee II"]
[Site "?"]
[Date "1983.??.??"]
[Round "6"]
[White "Kuijf, Marinus"]
[Black "Trois, Francisco RT"]
[Result "1/2-1/2"]
[WhiteElo "2385"]
[BlackElo "2395"]
[PlyCount "153"]
[EventDate "1983.??.??"]

1. e4 e5 2. Bc4 Nf6 3. d3 Nc6 4. Nf3 Be7 5. c3 O-O 6. O-O a6 7. Re1 d6 8. Bb3
Na5 9. Bc2 c5 10. Nbd2 Nc6 11. Nf1 Re8 12. Ng3 g6 13. Bg5 Bf8 14. Qd2 Bg7 15.
h3 Qe7 16. a3 b5 17. Nh2 Qf8 18. b4 Be6 19. Be3 Nd7 20. Rf1 d5 21. bxc5 Nxc5
22. d4 exd4 23. cxd4 Nxe4 24. Nxe4 dxe4 25. Bxe4 Bd7 26. Bf3 Rad8 27. Rfd1 Rc8
28. h4 h6 29. Rac1 Red8 30. Be4 Qe7 31. Bb1 Qxh4 32. Nf3 Qf6 33. d5 Ne5 34.
Nxe5 Qxe5 35. Bf4 Qb2 36. Qa5 Bd4 37. Rc2 Qb3 38. Bxh6 Re8 39. Qd2 Bg7 40. Bxg7
Kxg7 41. Qd4+ Kg8 42. Qb4 Qxb4 43. axb4 Rxc2 44. Bxc2 Rc8 45. Bb3 Rc3 46. Rb1
Rd3 47. Rb2 Rd4 48. Ba2 Kf8 49. f3 Ke7 50. Kf2 Kd6 51. Ke3 Rd1 52. Bb3 Ra1 53.
Ra2 Rxa2 54. Bxa2 f6 55. Kd4 Be8 56. Bb1 Bf7 57. Bc2 Be8 58. f4 Bf7 59. Be4 Be8
60. g3 Bf7 61. Bf3 Bg8 62. Bg4 Bxd5 63. Bc8 Be6 64. Bxe6 Kxe6 65. Kc5 g5 66.
fxg5 fxg5 67. g4 Ke5 68. Kb6 Kf4 69. Kxa6 Kxg4 70. Kxb5 Kf3 71. Kc6 g4 72. b5
g3 73. b6 g2 74. b7 g1=Q 75. b8=Q Qg6+ 76. Qd6 Qxd6+ 77. Kxd6 1/2-1/2

[Event "Wijk aan Zee II"]
[Site "?"]
[Date "1983.??.??"]
[Round "6"]
[White "Sowray, Peter J"]
[Black "Votruba, Pavel"]
[Result "0-1"]
[WhiteElo "2325"]
[BlackElo "2330"]
[PlyCount "110"]
[EventDate "1983.??.??"]

1. d4 d5 2. Nf3 Nf6 3. Bf4 e6 4. e3 Be7 5. h3 b6 6. c3 O-O 7. Nbd2 Ba6 8. Bxa6
Nxa6 9. b4 Nb8 10. O-O c6 11. Qb3 Nbd7 12. c4 dxc4 13. Nxc4 Nd5 14. Bd6 Bxd6
15. Nxd6 Qe7 16. Nc4 Qxb4 17. Qxb4 Nxb4 18. Nce5 Nxe5 19. Nxe5 f6 20. Nc4 Rac8
21. a3 Nd5 22. Rac1 Rfd8 23. Rfd1 c5 24. dxc5 Rxc5 25. Nb2 Rxc1 26. Rxc1 Rd7
27. e4 Rc7 28. Rxc7 Nxc7 29. Kf1 Kf7 30. Ke2 Ke7 31. Kd3 Kd6 32. f4 Kc5 33.
Na4+ Kc6 34. Nb2 Nb5 35. Nc4 Kc5 36. g4 Nd6 37. Nd2 e5 38. fxe5 fxe5 39. h4 h6
40. h5 Nf7 41. Nf3 Kd6 42. Nh4 Ke6 43. Nf5 Kf6 44. Kc4 Ng5 45. Kd5 Nf3 46. a4
Kg5 47. Kc6 Nd4+ 48. Kb7 b5 49. axb5 Nxb5 50. Ka6 Nc3 51. Kxa7 Nxe4 52. Kb6 Nf6
53. Kc5 Kxg4 54. Nxg7 Nxh5 55. Ne6 Nf4 0-1

[Event "Wijk aan Zee II"]
[Site "?"]
[Date "1983.??.??"]
[Round "6"]
[White "Van der Sterren, Paul"]
[Black "Nijboer, Friso"]
[Result "1-0"]
[WhiteElo "2460"]
[BlackElo "2285"]
[PlyCount "91"]
[EventDate "1983.??.??"]

1. d4 Nf6 2. c4 e6 3. Nf3 b6 4. g3 Ba6 5. b3 Bb4+ 6. Bd2 Be7 7. Nc3 c6 8. e4 d5
9. e5 Ne4 10. Bd3 Nxc3 11. Bxc3 Qd7 12. O-O Qb7 13. Qe2 b5 14. cxd5 cxd5 15. b4
Nc6 16. a4 Rb8 17. Rab1 Qb6 18. h4 Kd7 19. Qe3 g6 20. Nd2 Rhc8 21. a5 Qd8 22.
Nf3 Qf8 23. Qd2 Rc7 24. Rb3 Bc8 25. Qb2 a6 26. Bd2 Bb7 27. Rc1 h6 28. Nh2 Qg7
29. Ng4 h5 30. Nh2 f6 31. Nf3 Rf8 32. Bf4 Rcc8 33. Qd2 Rg8 34. Bf1 Qf8 35. exf6
Bxf6 36. Bh3 Ne7 37. Rxc8 Qxc8 38. Rc3 Nc6 39. Rc5 Qf8 40. Rxd5+ Ke8 41. Bxe6
Ne7 42. Qe3 Bxd5 43. Bxd5 Kd8 44. Be6 Nf5 45. Qe4 Rg7 46. Qd5+ 1-0

[Event "Wijk aan Zee II"]
[Site "?"]
[Date "1983.??.??"]
[Round "7"]
[White "Ligterink, Gert"]
[Black "Van der Sterren, Paul"]
[Result "1-0"]
[WhiteElo "2440"]
[BlackElo "2460"]
[PlyCount "81"]
[EventDate "1983.??.??"]

1. d4 Nf6 2. c4 e6 3. Nf3 b6 4. a3 Bb7 5. Nc3 d5 6. Bg5 Be7 7. Bxf6 Bxf6 8.
cxd5 exd5 9. g3 O-O 10. Bg2 c5 11. O-O Re8 12. b4 Nc6 13. bxc5 bxc5 14. Rb1
cxd4 15. Nxd5 Qxd5 16. Rxb7 Rac8 17. Nd2 Qa5 18. Nc4 Qa6 19. Qb3 Nd8 20. Rb5
Rxe2 21. Bd5 Rc7 22. Rb1 Rce7 23. Rb8 Re8 24. Qf3 R2e7 25. R1b5 Be5 26. Nxe5
Rxe5 27. Bc4 Qd6 28. R5b7 Kh8 29. Rb3 Qc7 30. Bd3 Kg8 31. Kg2 R5e7 32. Ra8 Nc6
33. Rxe8+ Rxe8 34. Bb5 Ne5 35. Qe4 Rd8 36. Be2 g6 37. Rb5 f6 38. f4 Nf7 39. Rb7
Qc5 40. Qe6 Rf8 41. Bc4 1-0

[Event "Wijk aan Zee II"]
[Site "?"]
[Date "1983.??.??"]
[Round "7"]
[White "Nijboer, Friso"]
[Black "Bohm, Hans"]
[Result "0-1"]
[WhiteElo "2285"]
[BlackElo "2380"]
[PlyCount "126"]
[EventDate "1983.??.??"]

1. c4 Nf6 2. Nc3 c5 3. g3 d5 4. cxd5 Nxd5 5. Bg2 Nc7 6. b3 e5 7. Bb2 Be7 8. Rc1
O-O 9. Na4 Nd7 10. e3 Rb8 11. Ne2 b5 12. Nac3 Bb7 13. O-O Bxg2 14. Kxg2 Nb6 15.
f4 b4 16. Nb1 Qd5+ 17. Kg1 f6 18. Qc2 Ne6 19. d3 Rbd8 20. Rcd1 h5 21. Nc1 exf4
22. gxf4 g5 23. f5 Ng7 24. Rd2 Qf7 25. Rdf2 Nd5 26. Qe2 Bd6 27. Nd2 Rfe8 28.
Ne4 Be5 29. h3 h4 30. Rf3 Qc7 31. Bxe5 Rxe5 32. Qg2 Rxe4 33. dxe4 Nc3 34. Qc2
Qe5 35. Ne2 Qxe4 36. Qxe4 Nxe4 37. Ra1 Rd2 38. Kf1 a5 39. Ke1 Rb2 40. Rf1 Ne8
41. Rg1 N8d6 42. Rg2 Nxf5 43. Nf4 Rxg2 44. Nxg2 Nfd6 45. Ke2 Kf7 46. Ne1 Ke6
47. Nd3 Nc3+ 48. Kf3 Nde4 49. Nb2 Nd2+ 50. Kf2 Kd5 51. Ke1 Nf3+ 52. Kf2 Ne5 53.
a3 Ke4 54. axb4 axb4 55. Ra5 Nd3+ 56. Nxd3 Kxd3 57. Kf3 c4 58. bxc4 b3 59. Ra8
b2 60. Rb8 b1=Q 61. Rxb1 Nxb1 62. c5 Nc3 63. c6 Nb5 0-1

[Event "Wijk aan Zee II"]
[Site "?"]
[Date "1983.??.??"]
[Round "7"]
[White "Trois, Francisco RT"]
[Black "Franco, Zenon"]
[Result "1/2-1/2"]
[WhiteElo "2395"]
[BlackElo "2500"]
[PlyCount "94"]
[EventDate "1983.??.??"]

1. d4 Nf6 2. Nf3 e6 3. g3 c5 4. Bg2 cxd4 5. Nxd4 d5 6. O-O e5 7. Nb3 Nc6 8. Bg5
Be6 9. Nc3 d4 10. Ne4 Be7 11. Bxf6 gxf6 12. Nec5 Bc8 13. c3 dxc3 14. Qxd8+ Nxd8
15. bxc3 a5 16. Na4 Ra7 17. Nb6 Be6 18. Nd5 b5 19. a4 b4 20. cxb4 Bxd5 21. Bxd5
Bxb4 22. Rac1 O-O 23. Nc5 Kg7 24. Rfd1 f5 25. Kg2 Kf6 26. e4 Ba3 27. Rc4 fxe4
28. Nxe4+ Kg7 29. Nc3 Bb4 30. Nb5 Rd7 31. Rc7 Rxc7 32. Nxc7 Bd6 33. Nb5 Bb4 34.
Nc7 Bd6 35. Nb5 Bb4 36. Rc1 Kf6 37. Rc7 Re8 38. Kf3 Re7 39. Rc8 Rd7 40. Ke4 Ne6
41. Rc6 Be1 42. f3 Bf2 43. Bxe6 fxe6 44. Rd6 Rb7 45. Rc6 Rd7 46. Rd6 Rb7 47.
Rc6 Rd7 1/2-1/2

[Event "Wijk aan Zee II"]
[Site "?"]
[Date "1983.??.??"]
[Round "7"]
[White "Van Wijgerden, Cor"]
[Black "Sowray, Peter J"]
[Result "1-0"]
[WhiteElo "2440"]
[BlackElo "2325"]
[PlyCount "103"]
[EventDate "1983.??.??"]

1. e4 c5 2. Nc3 d6 3. Nge2 Nf6 4. g3 Nc6 5. Bg2 g6 6. O-O Bg7 7. d3 O-O 8. f4
Nd4 9. Nxd4 cxd4 10. Ne2 Qb6 11. h3 Bd7 12. Kh2 Rac8 13. c3 dxc3 14. Nxc3 Bc6
15. Qe2 Nd7 16. f5 Qa6 17. Bg5 Rce8 18. Qd2 Ne5 19. Rad1 b5 20. a3 Qb7 21. Ne2
d5 22. Nd4 dxe4 23. Nxc6 Qxc6 24. Bxe4 Qd7 25. Qb4 a6 26. Rd2 gxf5 27. Rxf5 e6
28. Rf1 Rc8 29. Bf6 Ng6 30. Re2 Rc7 31. h4 Bxf6 32. Rxf6 Qe7 33. Qxe7 Nxe7 34.
g4 Rfc8 35. Ref2 Rc2 36. Kg3 Rxf2 37. Rxf2 Rc7 38. g5 a5 39. h5 h6 40. gxh6 f5
41. Bf3 Kf7 42. h7 Rc8 43. Rc2 Rh8 44. Rc5 b4 45. a4 Rxh7 46. Rxa5 Rh8 47. Ra8
Rxa8 48. Bxa8 Nc8 49. Bb7 Na7 50. Kf4 Kf6 51. d4 b3 52. Bf3 1-0

[Event "Wijk aan Zee II"]
[Site "?"]
[Date "1983.??.??"]
[Round "7"]
[White "Votruba, Pavel"]
[Black "Kuijf, Marinus"]
[Result "0-1"]
[WhiteElo "2330"]
[BlackElo "2385"]
[PlyCount "80"]
[EventDate "1983.??.??"]

1. d4 Nf6 2. Nf3 e6 3. c4 b6 4. g3 Ba6 5. b3 Bb4+ 6. Bd2 Be7 7. Bg2 O-O 8. O-O
d5 9. cxd5 exd5 10. Nc3 Re8 11. Rc1 Nbd7 12. Ne5 Bb7 13. Bf4 c6 14. Rc2 Nf8 15.
Na4 Rc8 16. Bh3 Rc7 17. Qc1 Bd6 18. e3 c5 19. Nd3 Bxf4 20. Nxf4 Ba6 21. Rd1 c4
22. Nb2 b5 23. Nbd3 g5 24. Nc5 Rxc5 25. dxc5 gxf4 26. gxf4 Bc8 27. Bg2 Bg4 28.
f3 Bd7 29. Re2 Ne6 30. b4 Nxf4 31. Rc2 Nd3 32. Qd2 Qe7 33. Bf1 Bf5 34. e4 dxe4
35. Qg5+ Bg6 36. fxe4 h6 37. Qxh6 Nxb4 38. Rg2 Qxc5+ 39. Kh1 Qh5 40. Qxh5 Nxh5
0-1

[Event "Wijk aan Zee II"]
[Site "?"]
[Date "1983.??.??"]
[Round "8"]
[White "Bohm, Hans"]
[Black "Sowray, Peter J"]
[Result "1/2-1/2"]
[WhiteElo "2380"]
[BlackElo "2325"]
[PlyCount "82"]
[EventDate "1983.??.??"]

1. d4 d5 2. Nf3 Nc6 3. c3 Bg4 4. h3 Bxf3 5. exf3 e6 6. f4 Bd6 7. Qb3 a6 8. Bd3
Nge7 9. Be3 Na5 10. Qa4+ c6 11. Nd2 b5 12. Qc2 Nc4 13. O-O Qc7 14. f5 Nxd2 15.
Bxd2 exf5 16. Bxf5 Nxf5 17. Qxf5 O-O 18. Rfe1 Rfe8 19. Qg4 g6 20. Bh6 f5 21.
Qg5 Kf7 22. Qh4 Rxe1+ 23. Rxe1 Re8 24. Rxe8 Kxe8 25. Bg5 Qd7 26. Kf1 h5 27. f3
Qe6 28. Kf2 Kd7 29. b4 Bc7 30. Kf1 a5 31. a3 axb4 32. axb4 Qe8 33. Bf4 Qe6 34.
Bxc7 Kxc7 35. Qf4+ Kd7 36. h4 Qe8 37. Kf2 Qe7 38. Qg3 Qe6 39. Qf4 Qe7 40. Qg3
Qe6 41. Qf4 Qe7 1/2-1/2

[Event "Wijk aan Zee II"]
[Site "?"]
[Date "1983.??.??"]
[Round "8"]
[White "Franco, Zenon"]
[Black "Votruba, Pavel"]
[Result "1-0"]
[WhiteElo "2500"]
[BlackElo "2330"]
[PlyCount "79"]
[EventDate "1983.??.??"]

1. d4 e6 2. c4 d5 3. Nc3 c6 4. Nf3 Nf6 5. e3 Nbd7 6. Qc2 Bd6 7. b3 O-O 8. Be2
Qe7 9. Bb2 dxc4 10. bxc4 e5 11. O-O Re8 12. Rfe1 e4 13. Nd2 Nf8 14. f3 exf3 15.
Bxf3 Ng4 16. Nf1 Ng6 17. g3 h5 18. Qe2 Be6 19. Rad1 Rad8 20. Ne4 Bb4 21. Ned2
c5 22. Bg2 Bc8 23. d5 h4 24. h3 Nf6 25. e4 Ne5 26. g4 Nfd7 27. Ne3 g6 28. Rf1
Ba5 29. d6 Qxd6 30. Nb3 Qa6 31. Nxa5 Qxa5 32. Qf2 Qxa2 33. Rd2 Qb3 34. Qf4 Rf8
35. Nd5 f6 36. Qh6 Rde8 37. Nxf6+ Rxf6 38. Rxf6 Nxf6 39. Bxe5 Qb1+ 40. Kh2 1-0

[Event "Wijk aan Zee II"]
[Site "?"]
[Date "1983.??.??"]
[Round "8"]
[White "Kuijf, Marinus"]
[Black "Van Wijgerden, Cor"]
[Result "1/2-1/2"]
[WhiteElo "2385"]
[BlackElo "2440"]
[PlyCount "42"]
[EventDate "1983.??.??"]

1. e4 g6 2. d4 Bg7 3. Nc3 d6 4. f4 Nf6 5. Nf3 c5 6. dxc5 Qa5 7. Bd3 Qxc5 8. Qe2
Bg4 9. Be3 Qa5 10. O-O O-O 11. h3 Bxf3 12. Qxf3 Nc6 13. a3 Nd7 14. Bd2 Qb6+ 15.
Kh1 Nc5 16. Rab1 Nxd3 17. cxd3 f5 18. Nd5 Qd8 19. Bc3 e6 20. Bxg7 Kxg7 21. Nc3
Qb6 1/2-1/2

[Event "Wijk aan Zee II"]
[Site "?"]
[Date "1983.??.??"]
[Round "8"]
[White "Ligterink, Gert"]
[Black "Nijboer, Friso"]
[Result "1-0"]
[WhiteElo "2440"]
[BlackElo "2285"]
[PlyCount "84"]
[EventDate "1983.??.??"]

1. c4 Nf6 2. Nc3 e5 3. g3 Bb4 4. Bg2 O-O 5. Nf3 Re8 6. O-O e4 7. Nd4 Nc6 8. Nc2
Bxc3 9. dxc3 h6 10. Ne3 d6 11. Qc2 a5 12. Rd1 b6 13. a4 Rb8 14. b3 Ne5 15. Rd4
Neg4 16. Nxg4 Bxg4 17. Bxe4 Rxe4 18. Rxe4 Bf5 19. Re8+ Qxe8 20. Qxf5 Qxe2 21.
Kg2 Re8 22. Bxh6 Re6 23. Bc1 Ne4 24. Qf3 Qc2 25. Be3 Qxb3 26. Rd1 Qxa4 27. Rd5
Qxc4 28. Rh5 Nf6 29. Rh4 Qd5 30. Ra4 Ne4 31. Rd4 Qc6 32. Kg1 a4 33. c4 a3 34.
Bc1 a2 35. Bb2 Qa8 36. Rd1 Qa4 37. Qg4 g6 38. Kg2 Qc2 39. Bd4 c5 40. Bxc5 Qb2
41. Qh4 a1=Q 42. Rd4 Qa8 1-0

[Event "Wijk aan Zee II"]
[Site "?"]
[Date "1983.??.??"]
[Round "8"]
[White "Van der Sterren, Paul"]
[Black "Trois, Francisco RT"]
[Result "1/2-1/2"]
[WhiteElo "2460"]
[BlackElo "2395"]
[PlyCount "83"]
[EventDate "1983.??.??"]

1. d4 Nf6 2. c4 e6 3. Nf3 Bb4+ 4. Nc3 b6 5. e3 Bb7 6. Bd3 O-O 7. O-O c5 8. Na4
cxd4 9. exd4 Be7 10. Re1 d6 11. b4 Nbd7 12. Bb2 Re8 13. Nc3 Bf8 14. d5 exd5 15.
Rxe8 Qxe8 16. cxd5 Rc8 17. h3 Ne5 18. Bb5 Qe7 19. Rc1 Nc4 20. Ba1 a6 21. Bc6
Bxc6 22. dxc6 b5 23. Nd4 d5 24. a4 bxa4 25. Qxa4 Qxb4 26. Qxa6 Qa3 27. Qxa3
Bxa3 28. Rc2 Nb6 29. Ncb5 Bf8 30. Nf5 Ne8 31. Ne3 f6 32. Bd4 Na8 33. Nxd5 Nac7
34. Nbxc7 Nxc7 35. Nb6 Rd8 36. Be3 Bd6 37. Nc4 Be7 38. Bf4 Nd5 39. c7 Rc8 40.
Bg3 Kf7 41. Rd2 Nxc7 42. Rd7 1/2-1/2

[Event "Wijk aan Zee II"]
[Site "?"]
[Date "1983.??.??"]
[Round "9"]
[White "Ligterink, Gert"]
[Black "Bohm, Hans"]
[Result "1/2-1/2"]
[WhiteElo "2440"]
[BlackElo "2380"]
[PlyCount "31"]
[EventDate "1983.??.??"]

1. d4 d5 2. c4 c6 3. cxd5 cxd5 4. Nc3 Nf6 5. Nf3 Nc6 6. Bf4 Bf5 7. e3 e6 8. Bd3
Bd6 9. Bxd6 Bxd3 10. Qxd3 Qxd6 11. O-O O-O 12. Rac1 Rfc8 13. a3 Nd7 14. Ne2 Na5
15. Rxc8+ Rxc8 16. Rc1 1/2-1/2

[Event "Wijk aan Zee II"]
[Site "?"]
[Date "1983.??.??"]
[Round "9"]
[White "Sowray, Peter J"]
[Black "Kuijf, Marinus"]
[Result "0-1"]
[WhiteElo "2325"]
[BlackElo "2385"]
[PlyCount "114"]
[EventDate "1983.??.??"]

1. e4 c5 2. Nf3 e6 3. c3 d5 4. exd5 Qxd5 5. d4 Nf6 6. Bd3 Nc6 7. O-O Be7 8. c4
Qh5 9. Be2 O-O 10. Ne5 Qh4 11. Nxc6 bxc6 12. dxc5 e5 13. Nc3 Bxc5 14. Qd3 Be6
15. Qg3 Qxg3 16. hxg3 Rab8 17. b3 Bd4 18. Bd2 Rfd8 19. Rad1 Bf5 20. Bf3 Bd3 21.
Bxc6 Bxf1 22. Rxf1 Bc5 23. Bg5 Rd3 24. Bxf6 gxf6 25. Ne4 Be7 26. g4 Kg7 27. Ng3
Rd2 28. Ra1 Rb6 29. Bd5 Rb2 30. Rc1 Rb8 31. c5 Rd2 32. Be4 Rc8 33. c6 Bd8 34.
Bf5 Rc7 35. Ne4 Rd4 36. Rc3 Be7 37. Ng3 Bb4 38. Rc2 Rd1+ 39. Kh2 Rd2 40. Rc4
Be7 41. a4 Rxf2 42. Ne4 Rb2 43. Nc3 Rxb3 44. Nb5 Bd8 45. Nxc7 Bxc7 46. Be4 h6
47. Kg1 Rb2 48. Bf5 Kf8 49. Rc5 Rb4 50. Rb5 Rc4 51. Bd7 Ke7 52. Rb7 Kd6 53. Kf2
Rxa4 54. Kf3 a5 55. Ra7 Rf4+ 56. Kg3 Rf1 57. Be8 e4 0-1

[Event "Wijk aan Zee II"]
[Site "?"]
[Date "1983.??.??"]
[Round "9"]
[White "Trois, Francisco RT"]
[Black "Nijboer, Friso"]
[Result "1-0"]
[WhiteElo "2395"]
[BlackElo "2285"]
[PlyCount "59"]
[EventDate "1983.??.??"]

1. d4 Nf6 2. Nf3 e6 3. c4 b6 4. Bf4 Ba6 5. Qa4 Bb7 6. Nc3 Be7 7. Rd1 O-O 8. d5
a6 9. e4 b5 10. Qc2 Re8 11. Be2 bxc4 12. O-O Bb4 13. dxe6 fxe6 14. e5 Nd5 15.
Ng5 g6 16. Nxd5 exd5 17. Bxc4 Rf8 18. Bxd5+ Bxd5 19. Rxd5 Rxf4 20. Ne6 Qh4 21.
g3 Rc4 22. Qb3 dxe6 23. gxh4 exd5 24. Qf3 c6 25. Qh3 Rf4 26. Qc8+ Rf8 27. Qb7
Nd7 28. Qxd7 Rac8 29. h5 Bc5 30. h6 1-0

[Event "Wijk aan Zee II"]
[Site "?"]
[Date "1983.??.??"]
[Round "9"]
[White "Van Wijgerden, Cor"]
[Black "Franco, Zenon"]
[Result "0-1"]
[WhiteElo "2440"]
[BlackElo "2500"]
[PlyCount "78"]
[EventDate "1983.??.??"]

1. e4 d6 2. d4 Nf6 3. Nc3 g6 4. g3 Bg7 5. Bg2 O-O 6. Nge2 e5 7. O-O Nc6 8. dxe5
dxe5 9. Bg5 Be6 10. Nd5 Bxd5 11. exd5 Ne7 12. c4 h6 13. Be3 Nf5 14. Bc5 Re8 15.
Qc2 b6 16. Bb4 e4 17. Bc3 e3 18. f3 b5 19. cxb5 Qxd5 20. f4 Qxb5 21. Bxa8 Rxa8
22. Rfe1 c5 23. Rad1 Qc6 24. Be5 Ng4 25. Nc3 Bxe5 26. fxe5 Nxe5 27. Qe4 Nf3+
28. Kg2 Nxe1+ 29. Rxe1 Qxe4+ 30. Nxe4 Rb8 31. b3 c4 32. g4 cxb3 33. axb3 Nd4
34. Rxe3 Rxb3 35. Re1 Rb2+ 36. Nf2 a5 37. Ra1 Nb3 38. Ra3 Nc5 39. Kf1 a4 0-1

[Event "Wijk aan Zee II"]
[Site "?"]
[Date "1983.??.??"]
[Round "9"]
[White "Votruba, Pavel"]
[Black "Van der Sterren, Paul"]
[Result "1-0"]
[WhiteElo "2330"]
[BlackElo "2460"]
[PlyCount "99"]
[EventDate "1983.??.??"]

1. Nf3 c5 2. c4 Nf6 3. Nc3 Nc6 4. e3 e6 5. d4 d5 6. cxd5 exd5 7. Be2 cxd4 8.
Nxd4 Bd6 9. b3 O-O 10. Bb2 Be7 11. O-O Qb6 12. g3 a6 13. Nxc6 bxc6 14. Bf3 Bf5
15. Qd4 c5 16. Qh4 Bd8 17. Qf4 Qe6 18. Rfd1 Be4 19. Nxe4 dxe4 20. Bg2 Be7 21.
Qe5 Qxe5 22. Bxe5 Rfe8 23. h3 Rad8 24. Bf1 a5 25. Bb5 Rxd1+ 26. Rxd1 Rd8 27.
Rxd8+ Bxd8 28. Bc6 Kf8 29. Bd6+ Be7 30. Bc7 c4 31. Bxa5 cxb3 32. axb3 Ba3 33.
Bc3 Ke7 34. b4 Ke6 35. b5 g6 36. Bd4 Nd5 37. Kf1 Kd6 38. Ke2 Bb4 39. g4 f5 40.
gxf5 gxf5 41. f3 exf3+ 42. Kxf3 Nc7 43. Ba7 Ne6 44. Bb8+ Kc5 45. h4 h5 46. Bd7
Nf8 47. Ba7+ Kd5 48. Bxf5 Ke5 49. e4 Kd6 50. Bf2 1-0